000 00668nam a2200241Ia 4500
003 OSt
005 20220926014517.0
006 a|||||r|||| 00| 0
007 ta
008 220923b |||||||| |||| 00| 0 eng d
037 _cGeneral Book
040 _aRTL
_cRTL
_beng
041 _2eng
_aeng
082 _aY46.73.N6, K4
100 _aGreen Arnold W
_9134104
245 0 _aRecreation, leisure and politics
260 _aNew York
_bMcGraw-Hill
_c1964
300 _a193p
_ccm.
500 _aBibliographical pages 191-193
650 _aProfession
_9237791
942 _hY46.73.N6, K4
_cGB
_2CC
999 _c629226
_d629226